[Event "March 1800+"]
[Site "SchemingMind.com"]
[Date "2015.03.01"]
[Round "-"]
[White "Stephen Woodhouse"]
[Black "Ramesh Panwar"]
[Result "0-1"]
[WhiteCountry "ENG"]
[BlackCountry "IND"]
[WhiteElo "1859"]
[WhiteRD "49"]
[BlackElo "2354"]
[BlackRD "56"]
[GameID "375569"]

1. e4 e5 2. Nf3 Nc6 3. d4 exd4 4. Nxd4 Nf6 5. Nc3 Bb4 6. Nxc6 bxc6 7. Bd3 O-O 8. O-O Re8 9. Bg5 h6 10. Bh4 d6
11. f4 Bb7 12. Qf3 c5 13. Rae1 Rb8 14. Qg3 c4 15. Bxc4 Bxc3 16. Qxc3 Bxe4 17. Bb3 d5 18. Bxf6 Qxf6 19. Qxf6 gxf6 20. Rf2 c5
21. c3 Re6 22. Bd1 Bb1 23. Rxe6 fxe6 24. a3 d4 25. cxd4 cxd4 26. Kf1 Kf7 27. b4 Rc8 28. Rb2 Rc1 29. Ke2 Be4 30. g3 Ra1
31. a4 e5 32. fxe5 fxe5 33. a5 Bf5 34. h4 Bg4+
0-1

[Event "March 1800+"]
[Site "SchemingMind.com"]
[Date "2015.03.01"]
[Round "-"]
[White "Ramesh Panwar"]
[Black "Stephen Woodhouse"]
[Result "1-0"]
[WhiteCountry "IND"]
[BlackCountry "ENG"]
[WhiteElo "2354"]
[WhiteRD "56"]
[BlackElo "1859"]
[BlackRD "49"]
[GameID "375570"]

1. Nf3 e6 2. e4 d5 3. e5 c5 4. c3 Nc6 5. Na3 Bd7 6. Nc2 f6 7. d4 fxe5 8. Nxe5 Nxe5 9. dxe5 Qc7 10. f4 O-O-O
11. a4 g5 12. Bb5 Bh6 13. Bxd7+ Rxd7 14. O-O gxf4 15. Qh5 Qd8 16. Qh3 Qe8 17. Bxf4 Bxf4 18. Rxf4 Qg6 19. Rf8+ Kc7 20. Nd4 cxd4
21. cxd4 Rd8 22. Rc1+ Kd7 23. Qb3 Rxf8 24. Qxb7+ Kd8 25. Rc8#
1-0

[Event "March 1800+"]
[Site "SchemingMind.com"]
[Date "2015.03.01"]
[Round "-"]
[White "fanfan_la_Tulipe"]
[Black "Stephen Woodhouse"]
[Result "1/2-1/2"]
[WhiteCountry "AUT"]
[BlackCountry "ENG"]
[WhiteElo "2078"]
[WhiteRD "74"]
[BlackElo "1879"]
[BlackRD "50"]
[GameID "375579"]

1. d4 e6 2. c4 d5 3. Nc3 c5 4. cxd5 exd5 5. Nf3 Nc6 6. g3 Nf6 7. Bg2 Be7 8. O-O O-O 9. Bg5 cxd4 10. Nxd4 Nxd4
11. Qxd4 Be6 12. Rfd1 Qa5 13. a3 Rac8 14. b4 Qc7 15. Rac1 Qd7 16. Qd2 Rfd8 17. Bxf6 Bxf6 18. Nxd5 Rxc1 19. Qxc1 Bxd5 20. Rxd5 Qe6
21. Rxd8+ Bxd8 22. Qd2 Bb6 23. Bxb7 g6 24. Qc2 Qf6 25. e3 Qa1+ 26. Kg2 Qxa3 27. Qe4 Qc3 28. Bd5 Kg7 29. Qe7 Qf6 30. Qd7 h5
31. h4 Kf8 32. b5 Kg7 33. Bc4 Bc5 34. Qd3 Bb6 35. Qe2 Qe5 36. Qd3 Qb2 37. Qd5=
1/2-1/2

[Event "March 1800+"]
[Site "SchemingMind.com"]
[Date "2015.03.01"]
[Round "-"]
[White "Stephen Woodhouse"]
[Black "fanfan_la_Tulipe"]
[Result "1/2-1/2"]
[WhiteCountry "ENG"]
[BlackCountry "AUT"]
[WhiteElo "1879"]
[WhiteRD "50"]
[BlackElo "2078"]
[BlackRD "74"]
[GameID "375580"]

1. e4 e5 2. Nf3 Nc6 3. d4 exd4 4. Nxd4 Bc5 5. Be3 Qf6 6. c3 Nge7 7. Bc4 Ne5 8. Be2 Qg6 9. O-O d6 10. Kh1 Ng4
11. Bxg4 Bxg4 12. f3 Bd7 13. c4 O-O 14. Nc3 Kh8 15. Qd2 a6 16. Rad1 Bb4 17. a3 Bxc3 18. Qxc3 f5 19. Nxf5 Bxf5 20. exf5 Nxf5
21. Bf2 Rae8 22. Rfe1 Qf7 23. b3 Rxe1+ 24. Rxe1 Re8 25. Kg1 Kg8 26. Kf1 Rxe1+ 27. Qxe1 Qe7 28. Qxe7=
1/2-1/2

[Event "March 1800+"]
[Site "SchemingMind.com"]
[Date "2015.03.01"]
[Round "-"]
[White "fanfan_la_Tulipe"]
[Black "Ramesh Panwar"]
[Result "0-1"]
[WhiteCountry "AUT"]
[BlackCountry "IND"]
[WhiteElo "2078"]
[WhiteRD "74"]
[BlackElo "2355"]
[BlackRD "54"]
[GameID "375581"]

1. d4 Nf6 2. c4 e6 3. Nc3 Bb4 4. e3 O-O 5. Ne2 c6 6. a3 Be7 7. e4 d5 8. cxd5 cxd5 9. e5 Ne8 10. Nf4 Nc6
11. Bd3 Nxd4 12. Bxh7+ Kxh7 13. Qxd4 Rh8 14. Be3 Kg8 15. O-O b6 16. b4 Ba6 17. Rfc1 Bc4 18. Qd2 Qb8 19. Bd4 Nc7 20. Nd3 Qb7
21. Nb2 Rd8 22. Ncd1 Na6 23. Nd3 Nb8 24. Ne3 Nc6 25. Bb2 Bb5 26. h3 a5 27. Rd1 Qa6 28. Ne1 d4 29. Ng4 Ba4 30. Rdc1 Qb5
31. bxa5 bxa5 32. Nd3 Rh4 33. Rab1 Bb3
0-1

[Event "March 1800+"]
[Site "SchemingMind.com"]
[Date "2015.03.01"]
[Round "-"]
[White "Ramesh Panwar"]
[Black "fanfan_la_Tulipe"]
[Result "1-0"]
[WhiteCountry "IND"]
[BlackCountry "AUT"]
[WhiteElo "2355"]
[WhiteRD "54"]
[BlackElo "2078"]
[BlackRD "74"]
[GameID "375582"]

1. e4 e5 2. Nf3 Nc6 3. Bb5 a6 4. Bxc6 dxc6 5. O-O Qd6 6. b3 Bg4 7. d3 Ne7 8. Nbd2 Ng6 9. h3 Bxf3 10. Qxf3 Qd7
11. Nc4 Bc5 12. Bd2 O-O 13. a4 f6 14. Qg3 Bd4 15. Rae1 Rfd8 16. Ne3 Ne7 17. Ng4 Kh8 18. Kh2 Ng6 19. Ne3 Nf4 20. Qg4 Qxg4
21. hxg4 Rd7 22. g3 Ne6 23. f4 Kg8 24. Kg2 Re8 25. Nf5 Bb2 26. Rb1 Bd4 27. Rh1 g6 28. Nh6+ Kg7 29. g5 exf4 30. gxf6+ Bxf6
31. gxf4 Nd4 32. Ng4 Bd8 33. c3
1-0

[Event "March 1800+"]
[Site "SchemingMind.com"]
[Date "2015.03.01"]
[Round "-"]
[White "fanfan_la_Tulipe"]
[Black "shg"]
[Result "0-1"]
[WhiteCountry "AUT"]
[BlackCountry "POL"]
[WhiteElo "2078"]
[WhiteRD "74"]
[BlackElo "2274"]
[BlackRD "73"]
[GameID "375587"]

1. d4 Nf6 2. c4 e6 3. Nc3 Bb4 4. e3 O-O 5. Ne2 d5 6. a3 Be7 7. Ng3 c5 8. cxd5 exd5 9. Be2 Be6 10. O-O Nc6
11. dxc5 Bxc5 12. b4 d4 13. Na4 Be7 14. e4 a6 15. Bf4 Nd7 16. Nb2 b5 17. Rc1 Rc8 18. Nd3 Nb6 19. Nf5 Nc4 20. Nxe7+ Qxe7
21. Ra1 Rfd8 22. Re1 f6 23. Nc5 Bf7 24. Bg4 Ra8 25. Nd3 a5 26. a4 axb4 27. axb5 Rxa1 28. Qxa1 N6e5 29. Bxe5 Nxe5 30. Be2 b3
31. Rb1 Nxd3 32. Bxd3 Qc5 33. h3 Qc3 34. Rd1 b2 35. Qb1 Ra8
0-1

[Event "March 1800+"]
[Site "SchemingMind.com"]
[Date "2015.03.01"]
[Round "-"]
[White "shg"]
[Black "fanfan_la_Tulipe"]
[Result "1-0"]
[WhiteCountry "POL"]
[BlackCountry "AUT"]
[WhiteElo "2365"]
[WhiteRD "74"]
[BlackElo "2061"]
[BlackRD "71"]
[GameID "375588"]

1. c4 e5 2. Nc3 Nf6 3. g3 d5 4. cxd5 Nxd5 5. Bg2 Nb6 6. d3 Be7 7. Nf3 Nc6 8. Be3 O-O 9. O-O Re8 10. a3 Be6
11. Rc1 Rb8 12. Re1 f6 13. d4 exd4 14. Nxd4 Nxd4 15. Bxd4 c6 16. Ne4 Bd5 17. e3 Qd7 18. Qc2 Qe6 19. Nc5 Bxc5 20. Bxc5 Bxg2
21. Kxg2 Rbd8 22. e4 Rd7 23. Rcd1 Red8 24. Rxd7 Rxd7 25. b3 Nc8 26. Be3 b6 27. b4 Ne7 28. f3 f5 29. Bf2 fxe4 30. Rxe4 Qg6
31. Qc4+ Nd5 32. Bd4 Kf8 33. a4 Qh6 34. Bf2 Qd6 35. a5 Re7 36. Qa6 Rxe4 37. fxe4 Nxb4 38. Qxa7 Qe5 39. Qxb6 Qxe4+ 40. Kh3 Qf5+
41. g4 Qf3+ 42. Kh4 Qf6+ 43. Kg3 Qe5+ 44. Kh3 Nd5 45. Qd8+ Kf7 46. Qd7+ Ne7 47. Qd2 Nd5 48. Bg3 Qa1 49. Qf2+ Ke8 50. Qe2+ Kd7
51. a6 Qa3 52. Kh4 Nb4 53. g5 Nxa6 54. Qg4+ Ke7 55. Qe4+ Kf7 56. Qf5+ Ke7 57. Qxh7 Qb4+ 58. Kh5 Qd4 59. Kg6 Nc5 60. Qxg7+ Qxg7+
61. Kxg7 Ne6+ 62. Kh6 Kf7 63. g6+ Kg8 64. Kh5 c5 65. h4 c4 66. Be5 Nc5 67. Kg4
1-0

[Event "March 1800+"]
[Site "SchemingMind.com"]
[Date "2015.03.01"]
[Round "-"]
[White "Stephen Woodhouse"]
[Black "shg"]
[Result "0-1"]
[WhiteCountry "ENG"]
[BlackCountry "POL"]
[WhiteElo "1859"]
[WhiteRD "49"]
[BlackElo "2172"]
[BlackRD "96"]
[GameID "375589"]

1. e4 c6 2. d4 d5 3. exd5 cxd5 4. c4 Nf6 5. Nc3 Nc6 6. Nf3 Bg4 7. cxd5 Nxd5 8. Qb3 Bxf3 9. gxf3 e6 10. Qxb7 Nxd4
11. Bb5+ Nxb5 12. Qc6+ Ke7 13. Qxb5 Qd7 14. Nxd5+ Qxd5 15. Bg5+ f6 16. Qxd5 exd5 17. Be3 Ke6 18. O-O-O Bb4 19. Kb1 Rhb8 20. Rd3 Rb7
21. Rc1 Rd8 22. Bc5 Bxc5 23. Rxc5 g5 24. Kc2 Rb4 25. Rc7 Rh4 26. Rxa7 Rxh2 27. b4 Rxf2+ 28. Kb3 h5 29. b5 h4 30. Rh7 Rf1
31. Kb4 Rb1+ 32. Rb3 Rxb3+ 33. Kxb3 Rc8 34. b6 Rb8 35. b7 Kf5 36. a4 Kg6 37. Rd7 h3 38. Rxd5 h2 39. Rd1 Rxb7+ 40. Kc3 Rc7+
41. Kb3 Rh7 42. Rh1 f5 43. Kc3 g4 44. fxg4 fxg4
0-1

[Event "March 1800+"]
[Site "SchemingMind.com"]
[Date "2015.03.01"]
[Round "-"]
[White "Ramesh Panwar"]
[Black "shg"]
[Result "0-1"]
[WhiteCountry "IND"]
[BlackCountry "POL"]
[WhiteElo "2342"]
[WhiteRD "55"]
[BlackElo "2314"]
[BlackRD "74"]
[GameID "375591"]

1. e4 c6 2. Nf3 d5 3. e5 c5 4. Be2 e6 5. c3 Ne7 6. O-O Ng6 7. d4 Be7 8. g3 Nc6 9. h4 O-O 10. h5 Nh8
11. dxc5 f6 12. exf6 Bxf6 13. Qb3 Nf7 14. Rd1 Qe7 15. Be3 Nh6 16. Nd4 Ne5 17. Bxh6 gxh6 18. Nd2 Nc6 19. N2f3 Qxc5 20. Qb5 Qd6
21. Qb3 Bd8 22. Rd2 Bb6 23. Rf1 Bd7 24. Kg2 Rf7 25. Nb5 Qf8 26. c4 Re8 27. cxd5 exd5 28. Qxd5 Ba5 29. Nc3 Kh8 30. Bd1 Bxc3
31. bxc3 Bf5 32. Rd4 Nxd4 33. Qxd4+ Qg7 34. Bb3 Rd7 35. Qxg7+ Rxg7 36. Nd4 Bg4 37. Bd1 Bxd1 38. Rxd1 Rg5 39. a4 Rxh5 40. Nb5 Rhe5
41. Nxa7 Re2 42. Nb5 Rf8 43. Rf1 Ra2 44. Nd6 b6 45. Nc4 Rf6 46. Ne3 Rxa4 47. c4 h5 48. Nd5 Rd6 49. Rc1 h4 50. gxh4 b5
51. Rb1 bxc4 52. Nb6 Rg6+ 53. Kf1 Ra5 54. Nxc4 Rh5 55. Rd1 Rxh4 56. Ne5 Rf6 57. Rd5 Rf5 58. Kg2 Rg4+ 59. Kf1 Rg8 60. Rc5 Re8
61. Nd3 Rxc5 62. Nxc5 Kg7 63. Kg2 Kf6 64. Kf3 Kf5 65. Nb3 Rg8 66. Nd4+ Ke5 67. Nc6+ Kf6 68. Nd4 h5 69. Ne2 h4 70. Nf4 Kf5
71. Nh3 Ra8 72. Kg2 Ra2
0-1

[Event "March 1800+"]
[Site "SchemingMind.com"]
[Date "2015.03.01"]
[Round "-"]
[White "shg"]
[Black "Ramesh Panwar"]
[Result "1-0"]
[WhiteCountry "POL"]
[BlackCountry "IND"]
[WhiteElo "2314"]
[WhiteRD "74"]
[BlackElo "2342"]
[BlackRD "55"]
[GameID "375592"]

1. c4 e5 2. Nc3 Nf6 3. g3 Bb4 4. Bg2 O-O 5. Nf3 e4 6. Nd4 Re8 7. O-O Nc6 8. Nc2 Ba5 9. Ne3 d6 10. b3 Bxc3
11. dxc3 a5 12. Qc2 a4 13. b4 Ne5 14. Bxe4 Nxe4 15. Qxe4 Be6 16. Rd1 b6 17. c5 b5 18. cxd6 cxd6 19. Nf5 Bxf5 20. Qxf5 Qc7
21. Qc2 Nc4 22. Bf4 Qc6 23. Rd4 Rac8 24. Rad1 Na3 25. Qf5 g6 26. Qd3 Nc4 27. Rc1 Re6 28. e4 Rce8 29. f3 Nb2 30. Qc2 Nc4
31. Qd3 Nb2 32. Qb1 Nc4 33. Rf1 Rf8 34. Qd3 Nb2 35. Qc2 Nc4 36. h4 Rc8 37. Qf2 Rce8 38. Rd5 f5 39. Qd4 fxe4 40. Bh6 Qd7
41. fxe4 Ne5 42. Rf4 Rb8 43. Kh2 Rc8 44. c4 bxc4 45. Ra5 Nc6 46. Qd5 Nxa5 47. bxa5 Kh8 48. Qxc4 Ree8 49. Qd4+ Re5 50. a6 Kg8
51. Rf6 Rce8 52. a7 Rc5 53. a3 Ra8 54. Be3 Rc2+ 55. Kg1 Qb7 56. Kh1 Rd8 57. Qd5+ Qxd5 58. exd5 Rcc8 59. Bd4 Rd7 60. g4 Ra8
61. Kg2 Raxa7 62. Bxa7 Rxa7 63. Rxd6 Kf8 64. Kf3 Rb7 65. Kf4 Rb3 66. Rd7 h5 67. g5 Rh3 68. Rc7 Rxh4+ 69. Ke5
1-0

[Event "March 1800+"]
[Site "SchemingMind.com"]
[Date "2015.03.05"]
[Round "-"]
[White "fanfan_la_Tulipe"]
[Black "Kent"]
[Result "0-1"]
[WhiteCountry "AUT"]
[BlackCountry "USA"]
[WhiteElo "2084"]
[WhiteRD "74"]
[BlackElo "2176"]
[BlackRD "74"]
[GameID "375760"]

1. d4 e6 2. c4 b6 3. e4 Bb7 4. Nc3 Bb4 5. f3 f5 6. exf5 Nh6 7. fxe6 Nf5 8. Bf4 dxe6 9. Qa4+ Nc6 10. d5 Bxc3+
11. bxc3 exd5 12. cxd5 Qxd5 13. Rd1 Qc5 14. Qc4 Qe7+ 15. Kf2 Nd6 16. Bxd6 cxd6 17. Nh3 O-O-O 18. Re1 Qf6 19. Qe6+ Qxe6 20. Rxe6 Ne5
21. Re7 Rd7 22. Rxd7 Kxd7 23. Be2 Rf8 24. Ke3 Rc8 25. Rc1 d5 26. Nf4 Kd6 27. Kd4 g5 28. Nh5 h6 29. Ng3 Rf8 30. Nh5 Ng6
31. g3 Ne7 32. f4 Nf5+ 33. Kd3 Ba6+ 34. Kd2 Bxe2 35. Kxe2 Re8+ 36. Kd2 Ne3 37. Re1 Nc4+ 38. Kd1 Rf8 39. Kc2= b5 40. Re2 Nb6
41. Re3 Na4 42. Rd3 Nc5 43. Re3 Ne4 44. Rd3 a5 45. Kb2 Kc5 46. Kc2 b4 47. cxb4+ axb4 48. Ng7 Rf6 49. f5 Kc4 50. Ne6 Rxf5
51. Rd4+ Kb5 52. Nc7+ Kc5 53. Ne6+ Kd6 54. Ng7 Rf7 55. Ne8+ Kc5 56. Rd3 Kc4
0-1

[Event "March 1800+"]
[Site "SchemingMind.com"]
[Date "2015.03.05"]
[Round "-"]
[White "Kent"]
[Black "fanfan_la_Tulipe"]
[Result "1/2-1/2"]
[WhiteCountry "USA"]
[BlackCountry "AUT"]
[WhiteElo "2167"]
[WhiteRD "68"]
[BlackElo "2078"]
[BlackRD "74"]
[GameID "375761"]

1. d4 Nf6 2. c4 g6 3. Nc3 d5 4. Nf3 Bg7 5. Qb3 dxc4 6. Qxc4 O-O 7. e4 a6 8. Be2 b5 9. Qb3 c5 10. dxc5 Bb7
11. e5 Nfd7 12. Be3 Nxe5 13. Nxe5 Bxe5 14. Rd1 Nd7 15. Nd5 Qa5+ 16. Bd2 Bxd5 17. Qxd5 Qc7 18. b4 Rad8 19. Qf3 Nf6 20. O-O Bxh2+
21. Kh1 Be5 22. Bh6 Rxd1 23. Rxd1 Re8 24. Qe3 Qb8 25. Bf3 Bb2 26. Bg5 Qc7 27. Qd2 Be5 28. Bxf6 exf6 29. g4 Kg7 30. Kg2 Re7
31. Rh1 Bf4 32. Qd4 Rd7 33. Bd5 h6 34. Rd1 Be5 35. Qd3 Qd8 36. Qe4=
1/2-1/2

[Event "March 1800+"]
[Site "SchemingMind.com"]
[Date "2015.03.05"]
[Round "-"]
[White "Kent"]
[Black "Stephen Woodhouse"]
[Result "1-0"]
[WhiteCountry "USA"]
[BlackCountry "ENG"]
[WhiteElo "2174"]
[WhiteRD "61"]
[BlackElo "1859"]
[BlackRD "49"]
[GameID "375762"]

1. d4 e6 2. c4 d5 3. Nc3 c5 4. cxd5 exd5 5. Nf3 Nc6 6. g3 Nf6 7. Bg2 Be7 8. O-O O-O 9. Bg5 cxd4 10. Nxd4 Nxd4
11. Qxd4 Be6 12. Rfd1 Qa5 13. a3 h6 14. b4 Qc7 15. Bf4 Qd7 16. Rac1 b6 17. Qd3 Rac8 18. Nxd5 Nxd5 19. Rxc8 Rxc8 20. Bxd5 Bxd5
21. Qxd5 Qxd5 22. Rxd5 Kf8 23. Rd3 b5 24. Be3 a6 25. f4 f5 26. Kf2 Kf7 27. Kf3 Ke6 28. Bd4 g6 29. e4 fxe4+ 30. Kxe4 Rc2
31. Rc3 Rxc3 32. Bxc3 h5 33. h3 Bd8 34. g4 hxg4 35. hxg4 Bb6 36. Bd4 Bc7 37. f5+ gxf5+ 38. gxf5+ Kf7 39. Kd5 Bf4 40. Bb2 Bd2
41. Kc6 a5 42. bxa5 Bxa5 43. Kxb5
1-0

[Event "March 1800+"]
[Site "SchemingMind.com"]
[Date "2015.03.05"]
[Round "-"]
[White "Stephen Woodhouse"]
[Black "Kent"]
[Result "0-1"]
[WhiteCountry "ENG"]
[BlackCountry "USA"]
[WhiteElo "1859"]
[WhiteRD "49"]
[BlackElo "2174"]
[BlackRD "61"]
[GameID "375763"]

1. e4 e6 2. d4 d5 3. Nd2 Nf6 4. e5 Nfd7 5. Bd3 c5 6. c3 Nc6 7. Ne2 cxd4 8. cxd4 f6 9. exf6 Nxf6 10. O-O Bd6
11. Nf3 Qc7 12. Bg5 O-O 13. Rc1 Bd7 14. Bh4 Nh5 15. Qc2 h6 16. Bh7+ Kh8 17. Bg6 Rxf3 18. Bxh5 Rff8 19. Bg3 Be8 20. Bxd6 Qxd6
21. Bxe8 Raxe8 22. Qc5 Qd7 23. b4 a6 24. a4 Kg8 25. b5 axb5 26. axb5 Na5 27. Ra1 Nb3
0-1

[Event "March 1800+"]
[Site "SchemingMind.com"]
[Date "2015.03.06"]
[Round "-"]
[White "Kent"]
[Black "Ramesh Panwar"]
[Result "1/2-1/2"]
[WhiteCountry "USA"]
[BlackCountry "IND"]
[WhiteElo "2174"]
[WhiteRD "61"]
[BlackElo "2354"]
[BlackRD "56"]
[GameID "375764"]

1. d4 d5 2. c4 e6 3. Nc3 Nf6 4. cxd5 exd5 5. Bg5 c6 6. e3 h6 7. Bh4 Bf5 8. Qf3 Bg6 9. Bxf6 Qxf6 10. Qxf6 gxf6
11. Nf3 Nd7 12. Be2 Bd6 13. O-O Nb6 14. g3 O-O 15. a3 a6 16. Rac1 Rfe8 17. Kg2 Bc7 18. Nh4 Bd6 19. Rfd1 Kh7 20. Bd3 Bxd3
21. Rxd3 Nc4 22. Rc2 Rad8 23. Nf5 Bf8 24. Ne2 Kg6 25. Nh4+ Kh7 26. Nf4 Nd6 27. Ne2= Nc4 28. Rb3 Rb8=
1/2-1/2

[Event "March 1800+"]
[Site "SchemingMind.com"]
[Date "2015.03.06"]
[Round "-"]
[White "Ramesh Panwar"]
[Black "Kent"]
[Result "1-0"]
[WhiteCountry "IND"]
[BlackCountry "USA"]
[WhiteElo "2354"]
[WhiteRD "56"]
[BlackElo "2174"]
[BlackRD "61"]
[GameID "375765"]

1. e4 e6 2. Nf3 b6 3. d4 Bb7 4. Bd3 d6 5. O-O Nd7 6. d5 e5 7. c4 Ngf6 8. Nc3 Be7 9. Nh4 Nc5 10. Nf5 g6
11. Nxe7 Qxe7 12. Bc2 a5 13. Bh6 Nh5 14. a3 Ba6 15. b4 Nd7 16. Ba4 Bxc4 17. Re1 Kd8 18. Qc2 Rc8 19. Bd2 Nf4 20. Nb5 Bxb5
21. Bxb5 Qg5 22. g3 Qg4 23. Qc6 Nb8 24. Qc3 Nh3+ 25. Kg2
1-0

[Event "March 1800+"]
[Site "SchemingMind.com"]
[Date "2015.03.05"]
[Round "-"]
[White "Kent"]
[Black "shg"]
[Result "0-1"]
[WhiteCountry "USA"]
[BlackCountry "POL"]
[WhiteElo "2174"]
[WhiteRD "61"]
[BlackElo "2172"]
[BlackRD "96"]
[GameID "375766"]

1. d4 Nf6 2. c4 e6 3. Nc3 Bb4 4. e3 O-O 5. Ne2 d5 6. a3 Be7 7. cxd5 exd5 8. Nf4 Re8 9. Bd3 Bd6 10. O-O c6
11. f3 b6 12. b4 Bxf4 13. exf4 Ba6 14. b5 cxb5 15. f5 Qd7 16. Bg5 Nc6 17. Nxb5 Bxb5 18. Bxb5 a6 19. Bxc6 Qxc6 20. Rc1 Qd6
21. Qb3 h6 22. Bh4 Qf4 23. Bf2 Qxf5 24. Qxb6 Qd3 25. Qa5 Re2 26. Rc6 Ra2 27. a4 Qe2 28. h3 Nh5 29. Qc7 Re8 30. Rcc1 g5
31. h4 Nf4 32. Kh2 Qd3 33. Rce1 Rxe1 34. Rxe1 Qf5 35. Kg1 Kg7 36. Re8 Ne6 37. Qd6 Qf4 38. Qxf4 Nxf4 39. hxg5 hxg5 40. Kf1 Rxa4
41. g3 Ne6 42. Ra8 f5 43. Ra7+ Kf6 44. Kg2 g4 45. Rd7 Ra5 46. fxg4 fxg4 47. Kf1 Rb5 48. Rd6 a5 49. Ra6 Kf5 50. Ke2 Ng5
51. Ra8 Rb2+ 52. Ke3 Ne4 53. Rxa5 Nc3 54. Be1 Re2+ 55. Kd3 Rxe1 56. Kxc3 Ke4 57. Kd2 Rg1 58. Ra3 Rg2+
0-1

[Event "March 1800+"]
[Site "SchemingMind.com"]
[Date "2015.03.05"]
[Round "-"]
[White "shg"]
[Black "Kent"]
[Result "1-0"]
[WhiteCountry "POL"]
[BlackCountry "USA"]
[WhiteElo "2172"]
[WhiteRD "96"]
[BlackElo "2174"]
[BlackRD "61"]
[GameID "375767"]

1. c4 b6 2. Nc3 e6 3. Nf3 Bb7 4. d4 Bb4 5. Bd2 f5 6. e3 Nf6 7. Be2 O-O 8. O-O d6 9. d5 e5 10. Ng5 Bc8
11. f4 Bxc3 12. Bxc3 e4 13. b4 h6 14. Nh3 Nbd7 15. Qd2 Bb7 16. Rfc1 Qe7 17. Nf2 g5 18. Nh1 g4 19. Ng3 Qh7 20. c5 Bc8
21. c6 Nb8 22. a4 a6 23. b5 a5 24. h3
1-0

[Event "March 1800+"]
[Site "SchemingMind.com"]
[Date "2015.03.12"]
[Round "-"]
[White "fanfan_la_Tulipe"]
[Black "Robert Bruce"]
[Result "0-1"]
[WhiteCountry "AUT"]
[BlackCountry "SCO"]
[WhiteElo "2061"]
[WhiteRD "71"]
[BlackElo "2193"]
[BlackRD "64"]
[GameID "376515"]

1. d4 d5 2. c4 e6 3. Nc3 c5 4. cxd5 exd5 5. Nf3 Nc6 6. g3 Nf6 7. Bg2 Be7 8. O-O O-O 9. Bg5 c4 10. Ne5 Be6
11. b3 h6 12. Bxf6 Bxf6 13. Nxc6 bxc6 14. bxc4 dxc4 15. e3 Qa5 16. Qc2 c5 17. Ne4 cxd4 18. Nxf6+ gxf6 19. exd4 Rad8 20. Rad1 Bg4
21. f3 Be6 22. Qd2 Qxd2 23. Rxd2 Rd6 24. f4 c3 25. Rc2 Rc8 26. f5 Bd7 27. Rf4 Rb6 28. Bd5 a5 29. Bb3 a4 30. Bd5 Rb1+
31. Kg2 Rb2 32. Rff2 Rxc2 33. Rxc2 Bxf5 34. Rc1 Rd8 35. Bc6 Rxd4 36. Rxc3 Rd2+ 37. Kf3 Rxa2 38. g4 Be6 39. Rc1 a3 40. Rc3 Ra1
0-1

[Event "March 1800+"]
[Site "SchemingMind.com"]
[Date "2015.03.12"]
[Round "-"]
[White "Robert Bruce"]
[Black "fanfan_la_Tulipe"]
[Result "1-0"]
[WhiteCountry "SCO"]
[BlackCountry "AUT"]
[WhiteElo "2193"]
[WhiteRD "64"]
[BlackElo "2061"]
[BlackRD "71"]
[GameID "376516"]

1. f4 Nf6 2. Nf3 g6 3. b4 Bg7 4. Bb2 O-O 5. g3 d6 6. Nc3 Nbd7 7. a3 e5 8. fxe5 Nxe5 9. Nxe5 dxe5 10. Bg2 c6
11. O-O Qb6+ 12. e3 Bg4 13. Qe1 Rad8 14. Na4 Qc7 15. d3 Rfe8 16. h3 Bc8 17. g4 Nd5 18. Qf2 b6 19. c4 Nf6 20. Rad1 h6
21. Nc3 Bb7 22. a4 Qe7 23. b5 c5 24. Bxb7 Qxb7 25. e4 Rd7 26. Kg2 Red8 27. Nd5 Nxd5 28. exd5 Rd6 29. Qh4 a6 30. Bc1 axb5
31. axb5 g5 32. Qe1 Ra8 33. Qe4 Ra2+ 34. Rd2 Qa7 35. Rxa2 Qxa2+ 36. Rf2 Qa7 37. Bb2 f6 38. Qg6 Qe7 39. Bc3 Rd7 40. Rxf6 Qxf6
41. Qe8+ Qf8 42. Qxd7 Qf4 43. Be1 Qe3 44. Qe6+ Kh8 45. Qc8+ Kh7 46. Qf5+ Kg8 47. Bf2 Qf4 48. Qe6+ Kh7 49. d6
1-0

[Event "March 1800+"]
[Site "SchemingMind.com"]
[Date "2015.03.10"]
[Round "-"]
[White "Kent"]
[Black "Robert Bruce"]
[Result "1/2-1/2"]
[WhiteCountry "USA"]
[BlackCountry "SCO"]
[WhiteElo "2176"]
[WhiteRD "61"]
[BlackElo "2123"]
[BlackRD "67"]
[GameID "376517"]

1. d4 d5 2. c4 e6 3. Nc3 c5 4. cxd5 exd5 5. Nf3 Nc6 6. g3 Nf6 7. Bg2 Be7 8. O-O O-O 9. Bg5 c4 10. Ne5 Be6
11. Nxc6 bxc6 12. b3 h6 13. Bxf6 Bxf6 14. bxc4 dxc4 15. e3 Qa5 16. Rc1 Rac8 17. Qa4 Qxa4 18. Nxa4 Be7 19. Nb2 Ba3 20. Rc2 Bxb2
21. Rxb2 Rc7 22. Rc1 g6 23. Rd2 Rd8 24. h4 Kg7 25. Bf3 f5 26. Be2 c5 27. d5 Rxd5 28. Rdc2 Rcd7 29. Bxc4 Rd1+ 30. Rxd1 Rxd1+
31. Kg2 Bd5+ 32. Bxd5 Rxd5 33. Kf3 Kf6 34. Ke2 Ke6 35. Rc4 a6 36. g4 Kd7 37. gxf5 Rxf5 38. Ra4 Rf6 39. f4 Rd6=
1/2-1/2

[Event "March 1800+"]
[Site "SchemingMind.com"]
[Date "2015.03.10"]
[Round "-"]
[White "Robert Bruce"]
[Black "Kent"]
[Result "0-1"]
[WhiteCountry "SCO"]
[BlackCountry "USA"]
[WhiteElo "2123"]
[WhiteRD "67"]
[BlackElo "2176"]
[BlackRD "61"]
[GameID "376518"]

1. f4 d5 2. Nf3 g6 3. e3 Bg7 4. Be2 c5 5. O-O Nc6 6. d3 Nf6 7. a4 O-O 8. Ne5 Qd6 9. Nxc6 bxc6 10. Nc3 e5
11. e4 dxe4 12. dxe4 Qd4+ 13. Kh1 exf4 14. Bxf4 Be6 15. a5 Rfd8 16. Bg5 h6 17. Qxd4 cxd4 18. Bxf6 Bxf6 19. Rxf6 dxc3 20. bxc3 Rd2
21. Kg1 Rxe2 22. Rf2 Rxf2 23. Kxf2 Rd8 24. Ke3 Kg7 25. Rb1 Bc4 26. Rb7 a6 27. Rc7 Rd6 28. e5 Re6 29. Kd4 Bf1 30. g3 Bg2
31. c4 g5 32. c5 Kg6 33. Ra7 f6 34. Rxa6 fxe5+ 35. Ke3 Bd5 36. Ra8 Rf6 37. Kd2 Rf3 38. a6 Ra3 39. a7 Kh5 40. h3 Bg2
41. h4 Kg4 42. Kc1 Bd5 43. hxg5 hxg5 44. Kb2 Ra6 45. c4 Bxc4 46. Kc3 Bd5
0-1

[Event "March 1800+"]
[Site "SchemingMind.com"]
[Date "2015.03.10"]
[Round "-"]
[White "Stephen Woodhouse"]
[Black "Robert Bruce"]
[Result "1/2-1/2"]
[WhiteCountry "ENG"]
[BlackCountry "SCO"]
[WhiteElo "1873"]
[WhiteRD "50"]
[BlackElo "2123"]
[BlackRD "67"]
[GameID "376519"]

1. e4 Nf6 2. Nc3 e5 3. Nf3 Nc6 4. d4 Bb4 5. Nxe5 Qe7 6. Nxc6 Qxe4+ 7. Qe2 dxc6 8. Bd2 Qxe2+ 9. Bxe2 Bf5 10. O-O-O O-O
11. a3 Bd6 12. Bf3 Rfe8 13. h3 h6 14. Rhe1 Be6 15. Ne4 Nxe4 16. Rxe4 Bd5 17. Rxe8+ Rxe8 18. Bxd5= cxd5 19. Re1 Rxe1+ 20. Bxe1 g5
21. g4 f5 22. f3 Bf4+ 23. Bd2 Bxd2+ 24. Kxd2 Kf7 25. Kc3 Ke6 26. Kd3 c6 27. Ke3 f4+ 28. Kd3 Ke7 29. Kc3 Kd6 30. Kd3 a5
31. a4 Kd7 32. Kc3 Kc7=
1/2-1/2

[Event "March 1800+"]
[Site "SchemingMind.com"]
[Date "2015.03.10"]
[Round "-"]
[White "Robert Bruce"]
[Black "Stephen Woodhouse"]
[Result "1-0"]
[WhiteCountry "SCO"]
[BlackCountry "ENG"]
[WhiteElo "2123"]
[WhiteRD "67"]
[BlackElo "1873"]
[BlackRD "50"]
[GameID "376520"]

1. d4 e6 2. Nf3 d5 3. c4 c5 4. cxd5 exd5 5. g3 Nc6 6. Bg2 Nf6 7. O-O Be7 8. Nc3 O-O 9. Bg5 c4 10. b3 Qa5
11. Bd2 Bb4 12. Qc2 Qa6 13. e3 Bg4 14. Ne5 Bxc3 15. Bxc3 Be6 16. bxc4 Qxc4 17. Nxc4
1-0

[Event "March 1800+"]
[Site "SchemingMind.com"]
[Date "2015.03.11"]
[Round "-"]
[White "Robert Bruce"]
[Black "Ramesh Panwar"]
[Result "0-1"]
[WhiteCountry "SCO"]
[BlackCountry "IND"]
[WhiteElo "2123"]
[WhiteRD "67"]
[BlackElo "2342"]
[BlackRD "55"]
[GameID "376521"]

1. d4 Nf6 2. Nf3 e6 3. Bg5 Be7 4. Nbd2 d5 5. e3 O-O 6. Bd3 h6 7. Bf4 b6 8. O-O Bb7 9. Ne5 Nbd7 10. Ndf3 c5
11. c3 c4 12. Bb1 b5 13. h3 Re8 14. a4 b4 15. a5 Rc8 16. Qe2 a6 17. Rd1 Bf8 18. Re1 Nxe5 19. Nxe5 Bd6 20. Rd1 b3
21. Qf3 Bc6 22. Rc1 Rc7 23. Re1 Bb7 24. Re2 Qe7 25. e4 dxe4 26. Qe3 Nh5 27. Bh2 f5 28. Re1 Qg5 29. Qxg5 hxg5 30. Ra4 Bd5
31. f3 exf3 32. Nxf3 Bxh2+ 33. Nxh2 Kf7 34. Nf1 g6 35. Ne3 Rb8 36. Rf1 Nf4 37. Kf2 Kf6 38. Rg1 Rh8 39. Rf1 Bxg2 40. Nxg2 Rxh3
41. Nxf4 gxf4 42. Ke1 Rh2 43. Kd1 Rxb2 44. Kc1 Re2 45. Kd1 Rg2 46. Ke1 Rh7 47. Rxf4 Rh1+ 48. Rf1 Rhh2 49. Rf3 g5 50. Be4 Ra2
51. Bb1 Rxa4
0-1